00867nam a2200217 a 450000100060000000300080000600500170001400800390003103500200007004000350009004100080012508200310013310000280016424501400019226000840033230000260041665000270044294200130046999900170048295201500049922344BD-RjUL20211209000809.0190312s1933 ii | 00| 0 eng a(BD-RjUL) 22409 aBD-RjULcBD-RjULdBD-RjULbeng aeng a305.56880954bGAM 19332231 aGandhi, Mahatma922927410aMy soul's agony:bBeing Gandhiji's statements issue from Yeravda Prison on the removal of untouchability among Hindus /cMahatma Gandhi aBombay : aBombay Provincial Board, Servants of Untouchables Society, b[1933?] a[4], 154 p. ; c19 cm aDalits.zIndia9229275 2ddccRAR c22344d22344 00102ddc40718RAREaRUCLbRUCLcRared1963-10-19ePak Law Houseg20.00l0oRA 305.56880954 GAM 1933r2019-03-12 00:00:00tC-1w2019-03-12yRAR